La Estafeta literaria : (Record no. 190760)

MARC details
000 -LEADER
campo de control de longitud fija 01083nam a2200301 i 4500
001 - NÚMERO DE CONTROL
campo de control 190760
003 - IDENTIFICADOR DE NÚMERO DE CONTROL
campo de control ES-MaACL
005 - FECHA Y HORA DE LA ÚLTIMA TRANSACCIÓN
campo de control 20250810081324.0
008 - DATOS DE LONGITUD FIJA--INFORMACIÓN GENERAL
campo de control de longitud fija 220630s2018 sp 001 0 spa
020 ## - NÚMERO INTERNACIONAL ESTÁNDAR DEL LIBRO
Número Internacional Estándar del Libro 9788470748141
040 ## - FUENTE DE CATALOGACIÓN
Centro/agencia transcriptor ES-MaACL
080 ## - NÚMERO DE LA CLASIFICACIÓN DECIMAL UNIVERSAL
Número de la Clasificación Decimal Universal (05)(460.271)
080 ## - NÚMERO DE LA CLASIFICACIÓN DECIMAL UNIVERSAL
Número de la Clasificación Decimal Universal 82(05)
100 1# - ENTRADA PRINCIPAL--NOMBRE DE PERSONA
Nombre de persona García Lucio, Santiago,
Fechas asociadas al nombre 1992-
Término indicativo de función/relación Autor
9 (RLIN) 165620
245 13 - MENCIÓN DEL TÍTULO
Título La Estafeta literaria :
Resto del título un estudio descriptivo-comparado /
Mención de responsabilidad, etc. Santiago Gª Lucio
260 ## - PUBLICACIÓN, DISTRIBUCIÓN, ETC.
Lugar de publicación, distribución, etc. Madrid :
Nombre del editor, distribuidor, etc. Fragua,
Fecha de publicación, distribución, etc. 2018.
300 ## - DESCRIPCIÓN FÍSICA
Extensión 211 páginas ;
Dimensiones 21 cm.
490 1# - MENCIÓN DE SERIE
Mención de serie Fragua comunicación ;
Designación de volumen o secuencia 171
504 ## - NOTA DE BIBLIOGRAFÍA, ETC.
Nota de bibliografía, etc. Bibliografía: páginas 193-211
630 34 - PUNTO DE ACCESO ADICIONAL DE MATERIA--TÍTULO UNIFORME
Título uniforme La Estafeta literaria (1944)
9 (RLIN) 143513
650 #4 - PUNTO DE ACCESO ADICIONAL DE MATERIA--TÉRMINO DE MATERIA
Término de materia o nombre geográfico como elemento de entrada Literatura-
Subdivisión de forma Publicaciones periódicas-
Subdivisión geográfica España-
Subdivisión cronológica S.XX.
9 (RLIN) 14491
830 1# - PUNTO DE ACCESO ADICIONAL DE SERIE-TÍTULO UNIFORME
Título uniforme Fragua comunicación ;
Designación de volumen o secuencia 171
9 (RLIN) 189002
852 4# - LOCALIZACIÓN
Ubicación ES-MaACL
Número de control de estantería A-14979
Sublocalización o colección R.153205
Ubicación en estantería Depósito 1
Signatura antigua Olim: N-7979
Donativo/Legado Donación: Margarita Garbisu Buesa
itemnumber 197942
903 ## - NOMBRE PERSONAL DE DONANTE
a Garbisu Buesa, Margarita
e Donante
9 53958
942 ## - ELEMENTOS DE ENTRADA SECUNDARIOS (KOHA)
Tipo de ítem Koha Libro impreso
Suprimir en OPAC No
Holdings
Estatus retirado Estado de pérdida Fuente del sistema de clasificación o colocación Estado de daño No para préstamo Biblioteca de origen Biblioteca actual Ubicación en estantería Fecha de adquisición Fuente de adquisición Total de préstamos Signatura topográfica completa Código de barras Visto por última vez Tipo de ítem Koha
    Clasificación decimal universal     Biblioteca del Ateneo de Madrid Biblioteca del Ateneo de Madrid Depósito 1 30/06/2022 Donación   A-14979 1203029 23/02/2023 Libro impreso